Statistiques concernant Footballeurs qui ont marqué le plus de penalty

Cliquez ici pour prendre le quiz!

Statistiques générales

  • Ce quiz a été pris 215 fois
  • Le résultat moyen est 3 sur 10

Statistiques - réponses

Nombre de penaltyJoueur% Correct
159Cristiano Ronaldo
99%
108Lionel Messi
99%
74Neymar
77%
66Lampard
11%
77Totti
10%
83Sanchèz
4%
70Balotelli
3%
67Shearer
3%
68Abreu
2%
76Lambert
2%

Distribution des résultats

Percentile par nombre de réponses

% des personnes avec chaque résultat

Votre développement - résultats

Vous n’avez pas pris ce quiz